Planètes par taille en 30 secondes. - Statistiques

Statistiques générales
  • Ce quiz a été pris 170 fois
  • Le résultat moyen est 6 sur 8
Statistiques - réponses
Planètes % Correct
Mercure
96%
Mars
88%
Terre
79%
Vénus
78%
Neptune
62%
Uranus
60%
Jupiter
59%
Saturne
58%
Aucun quiz correspondant
Distribution des résultats
% des personnes avec chaque résultat
Percentile par nombre de réponses
Votre historique - résultats
Vous n’avez pas pris ce quiz